Juan de la Rosa: memorias del último soldado de la independencia

Saved in:
Bibliografiske detaljer
Hovedforfatter: Aguirre, Nataniel
Format: Bog
Sprog:spansk
Udgivet: Buenos Aires, Argentina. Editorial Universitaria. 1964
Serier:Serie del Nuevo Mundo
Fag:
Tags: Tilføj Tag
Ingen Tags, Vær først til at tagge denne postø!

MARC

LEADER 00000cam a2200000 a 4500
001 UCE3106
003 CL-VaPUC
005 20241121111716.0
008 140814e19640000ag |||||||||||||||||spa|d
999 |c 356555  |d 356553 
040 |c Pontificia Universidad Católica de Valparaíso 
082 0 4 |a Bo863 AGU 1964  |2 21 
100 0 |a Aguirre, Nataniel  |9 376843 
245 1 0 |a Juan de la Rosa: memorias del último soldado de la independencia 
260 0 3 |a Buenos Aires, Argentina.  |b Editorial Universitaria.  |c 1964 
300 |a 270 páginas 
490 0 |a Serie del Nuevo Mundo 
583 |a last modification  |c 20140814 14:58:00  |k Rodrigo Vera 
650 7 |a NOVELAS BOLIVIANAS  |2 CL-VaPUC  |9 349976 
650 0 |a Novelas de ciencia ficción  |9 320228 
650 7 |a HISTORIA BOLIVIANA  |2 CL-VaPUC  |9 387633 
650 0 |a Literatura boliviana   |9 341321 
942 |c BK  |2 ddc 
945 |d 20140814 14:58:00  |a arojas 
952 |0 0  |1 0  |2 ddc  |3 erb  |4 0  |6 BO_863_000000000000000_AGU_1964  |7 0  |8 A  |9 464002  |a BIBEDU  |b BIBEDU  |i 5006791  |o Bo863 AGU 1964  |p 5006791  |r 2019-11-23  |t 1  |w 2019-11-23  |y BK  |z Catalogado en:20140814  |k LIT